| 000 | 00722nam a2200217 a 4500 | ||
|---|---|---|---|
| 999 |
_c3941 _d3941 |
||
| 003 | BD-JhCC | ||
| 005 | 20171119203105.0 | ||
| 008 | 171119s1373 bg |||| |||| 000 0 mul d | ||
| 035 | _a(BD-JhCC) | ||
| 040 |
_aBD-JhCC _dBD-JhCC |
||
| 041 | _aBengali and English | ||
| 082 |
_a891.4409 _bMAD 1373 |
||
| 100 | _aমধুসূদন | ||
| 245 |
_aবীরাঙ্গনা কাব্য / _cমধুসূদন, সৈয়দ আলী আহসান [সম্পা.] |
||
| 260 |
_aঢাকা : _bবইঘর প্রকাশনী, _c1373. |
||
| 300 |
_a142 p. : _c21 cm. |
||
| 650 | _aBengali literature | ||
| 700 | _aআহসান, সৈয়দ আলী | ||
| 942 |
_2ddc _cBK |
||